1661 1448 1972 1213 1477 1006 1171 1711 1979 1278 1820 1286 1175 1908 1732 1158 1896 1856 1858 1101 1918 1546 1447 1091 1317 1244 1118 1309 1900 1700 1988 1025 1465 1751 1951 1658 1960 1959 1462 1832 1420 1915 1608 1832 1440 1139 1391 1311 1047 1178 1914 1867 1040 1281 1875 1280 1189 1832 1418 1304 1196 1286 1610 1443 1660 1655 1457 1448 1346 2000 1842 1514 1474 1829 1010 1752 1577 1794 1636 1843 1857 1870 1018 1812 1045 1585 1090 1919 1445 1458 1880 1662 1247 1643 1692 1178 1984 1863 1365 BCNSPRNW ULIB Ver.6.0+V

เปลี่ยนเป็นภาษาไทย

Change to English
 แสดงรายละเอียดบรรณานุกรม
  กลับหน้าหลัก

Brief Record : Get Marc (ISO 2709) : E-mail record : QR code < ปิดหน้าต่าง
LEADER : 00000nam 2200000uu 4500
001    13399121201
003     ULIB
008    121108s2549||||th 000 0 tha d
020    ^a9749713680
050  4 ^aLB1028^bช756ก
100 0  ^aเชิดศักดิ์ โฆวาสินธุ์
245 10 ^aการวิจัยทางการศึกษา /^cเชิดศักดิ์ โฆวาสินธุ์
250    ^aพิมพ์ครั้งที่ 1
260    ^aกรุงเทพฯ :^bโอเดียนสโตร์,^c2549
300    ^a301 หน้า
650  7 ^aการศึกษา^xวิจัย
650  7 ^aวิจัย
945    ^p195^l0^i16602
999 ^a วิภา
รายการนี้ยังไม่มีแท็ก
คุณยังไม่ได้ล็อกอิน คุณสามารถมีกิจกรรมร่วมกับเว็บไซต์ได้ แต่ต้องล็อกอินก่อน ::
  ล็อกอิน

รายการสื่อสารสนเทศ

ลำดับที่ ประเภท เลขเรียก/บาร์โค้ด สถานที่ สถานะ
1. วิทยาศาสตร์การแพทย์ และสุขภาพ
วิทยาศาสตร์การแพทย์ และสุขภาพ
LB1028 ช756ก  
  Barcode: 16602
ห้องสมุดวิทยาเขตสวรรค์ประชารักษ์
►หนังสือทั่วไป
บนชั้น

รายการใกล้เคียง
    หัวเรื่อง [วิจัย]

BibComment


ยังไม่เคยถูกคอมเมนท์

คอมเมนท์ทรัพยากรรายการนี้
  คอมเมนท์: การวิจัยทางการศึ..


 Copyright 2026. Bcnsprnw @Library